000 00239nam a2200109 a 4500
005 20141022142009.0
008 120229s19uu xx 00 eng d
050 _aCD
_bP974 200?
245 _aPsychology.
260 _c200?.
942 _cAVM
999 _c276677
_d276677